| 000 | 01165cam a2200313 a 4500 | ||
|---|---|---|---|
| 999 |
_c151 _d151 |
||
| 001 | 3942516 | ||
| 003 | OSt | ||
| 005 | 20210526155225.0 | ||
| 008 | 930507s1993 ilua b 001 0 eng | ||
| 010 | _a 93024690 | ||
| 020 | _a0226041190 (cloth : alk. paper) | ||
| 020 | _a0226041204 (paper) | ||
| 040 |
_aDLC _cDLC _dDLC |
||
| 043 | _an-us--- | ||
| 082 | 0 | 0 |
_a331.11 BEC 1993 _220 |
| 100 | 1 |
_aBecker, Gary S. _9407 |
|
| 245 | 1 | 0 |
_aHuman Capital: _ba theoretical and empirical analysis, with special reference to education |
| 250 | _a3rd ed. | ||
| 260 |
_aChicago; _bThe University of Chicago Press, _cc1993. |
||
| 300 |
_axxii, 390 p. : _bill. ; _c24 cm. |
||
| 504 | _aIncludes bibliographical references and indexes. | ||
| 650 | 0 |
_aManpower policy _9409 |
|
| 650 | 0 |
_aHuman capital _9410 |
|
| 856 | 4 | 2 |
_3Publisher description _uhttp://www.loc.gov/catdir/description/uchi051/93024690.html |
| 856 | 4 | 1 |
_3Table of contents only _uhttp://www.loc.gov/catdir/enhancements/fy0608/93024690-t.html |
| 906 |
_a7 _bcbc _corignew _d1 _eocip _f19 _gy-gencatlg |
||
| 942 |
_2z _cB_BANK |
||